000
00390nam a2200145Ia 4500
041
_a
Arabic
082
_a
796.33 cut-562 خ
100
_a
20260118u\\\\\\\\\\\y0engy0103\\\\ba
100
_a
زهیر قاسم الخشاب
245
0
_a
كرة القدم
250
_a
ط1
260
_b
دار الكتب للطباعة والنشر
_a
الموصل
_c
1999
300
_a
644
942
_c
Bk
999
_c
190469
_d
190469